Pracovné miesta - prístupy a spôsoby ich vytvárania

Analýza pracovných miest - základné teoretické východiská. Rozširovanie obsahu práce a obohacovanie práce. Význam kontroly a rozhodovania. Prístupy pre vytváranie pracovných úloh a miest. Výsledky empirického výskumu.

Gespeichert in:
Bibliographische Detailangaben
1. Verfasser: Matulčíková, Marta, 1964-
Format: Buchkapitel
Sprache:Slowakisch
Schlagworte:
Tags: Tag hinzufügen
Keine Tags, Fügen Sie das erste Tag hinzu!

MARC

LEADER 00000naa$a2200000$$$4500
001 0225242
005 20240502073706.7
041 0 |a slo 
044 |a SK 
245 1 0 |a Pracovné miesta - prístupy a spôsoby ich vytvárania  |c Marta Matulčíková 
520 |a Analýza pracovných miest - základné teoretické východiská. Rozširovanie obsahu práce a obohacovanie práce. Význam kontroly a rozhodovania. Prístupy pre vytváranie pracovných úloh a miest. Výsledky empirického výskumu. 
610 2 0 |a miesta pracovné 
610 2 0 |a práca 
610 2 0 |a motivácia pracovná 
610 2 0 |a delegovanie právomoci 
610 2 0 |a kvalifikácia 
610 2 0 |a zamestnanci 
610 2 0 |a výskum 
610 2 0 |a Slovensko 
100 1 |a Matulčíková, Marta, 1964-